00701ntaaa2200181 45000030003000000050017000030080021000200400037000410820018000781000024000962450018001202500010001382600035001483000022001835000273002056500029004787000012005070120251027202140.00714s1973 ag 01  aAR-BaBNbspacAR-BaBNeaacrdRIC a262.7000 So3s aFlecha, J. Román  aSois iglesia! a1 ed. aMadrid : bCristiandad, c1983 a161 p ; c18,5 cm aHomilías pronunciadas en cuaresma en una diócesis de León por varios sacerdotes, sobre el ser y sentido de la iglesia - cuerpo de Cristo y pueblo de Dios - sobre la compenetración del clero y de los laicos y sobre los diverso sservicios, apostolados y carismas aiglesia-naturaleza de la aOtros,